| 000 -LEADER |
| fixed length control field |
01040nam a2200217Ia 4500 |
| 001 - CONTROL NUMBER |
| control field |
9389 |
| 003 - CONTROL NUMBER IDENTIFIER |
| control field |
GE_BSU |
| 008 - FIXED-LENGTH DATA ELEMENTS--GENERAL INFORMATION |
| fixed length control field |
181216s||||||||xx |||||||||||||| ||und|| |
| 040 ## - CATALOGING SOURCE |
| Transcribing agency |
GE_BSU |
| 080 ## - UNIVERSAL DECIMAL CLASSIFICATION NUMBER |
| Universal Decimal Classification number |
821.353.1–1+821.353.1-32+821.353.1-92 |
| 245 ## - TITLE STATEMENT |
| Title |
მამულო საყვარელო |
| 245 ## - TITLE STATEMENT |
| Remainder of title |
აჭარისადმი მიძღვნ.კრებული:პოეზია,პროზა და პუბლიცისტური წერილები |
| 245 ## - TITLE STATEMENT |
| Statement of responsibility, etc. |
შემდგ. მ. ვარშანიძე სარედ. კოლ.მ.ვარშანიძე,პ.ლორია,გ. სალუქვაძე და ს ხვ. მხატვ. გ.ხოჯაშვილი |
| 260 ## - PUBLICATION, DISTRIBUTION, ETC. |
| Place of publication, distribution, etc. |
ბათუმი |
| 260 ## - PUBLICATION, DISTRIBUTION, ETC. |
| Name of publisher, distributor, etc. |
საბჭოთა აჭარა |
| 260 ## - PUBLICATION, DISTRIBUTION, ETC. |
| Date of publication, distribution, etc. |
1971 |
| 300 ## - PHYSICAL DESCRIPTION |
| Extent |
391გვ.21სმ. |
| 653 ## - INDEX TERM--UNCONTROLLED |
| Uncontrolled term |
აჭარისადმი მიძღვნ.კრებული |
| 653 ## - INDEX TERM--UNCONTROLLED |
| Uncontrolled term |
მამულო საყვარელო |
| 942 ## - ADDED ENTRY ELEMENTS (KOHA) |
| Koha item type |
წიგნი |